<?xml version="1.0" encoding="UTF-8"?>
<record
    xmlns:xsi="http://www.w3.org/2001/XMLSchema-instance"
    xsi:schemaLocation="http://www.loc.gov/MARC21/slim http://www.loc.gov/standards/marcxml/schema/MARC21slim.xsd"
    xmlns="http://www.loc.gov/MARC21/slim">

  <leader>01237nam a22002537a 4500</leader>
  <controlfield tag="003">OSt</controlfield>
  <controlfield tag="005">20210315113421.0</controlfield>
  <controlfield tag="008">210315n200?    ck abo|gr|||| 00| 0 spa d</controlfield>
  <datafield tag="020" ind1=" " ind2=" ">
    <subfield code="a">9789584425201</subfield>
  </datafield>
  <datafield tag="040" ind1=" " ind2=" ">
    <subfield code="a">CO-JMCR</subfield>
    <subfield code="c">CO-JMCR</subfield>
  </datafield>
  <datafield tag="041" ind1="0" ind2=" ">
    <subfield code="a">spa</subfield>
  </datafield>
  <datafield tag="082" ind1="0" ind2="4">
    <subfield code="a">338.98 / </subfield>
    <subfield code="b">J371y</subfield>
    <subfield code="2">23</subfield>
  </datafield>
  <datafield tag="100" ind1="1" ind2=" ">
    <subfield code="a">Jaramillo L&#xF3;pez, Germ&#xE1;n, </subfield>
    <subfield code="e">autor</subfield>
    <subfield code="9">36087</subfield>
  </datafield>
  <datafield tag="245" ind1="1" ind2="0">
    <subfield code="a">Yumbo : </subfield>
    <subfield code="b">regi&#xF3;n empresarial de Colombia / </subfield>
    <subfield code="c">Germ&#xE1;n Jaramillo L&#xF3;pez ; fotograf&#xED;as, M&#xF3;nica Gil Mar&#xED;n, Jaime Saldarriaga, Jos&#xE9; Lu&#xED;s Guzm&#xE1;n, [y 3 m&#xE1;s]</subfield>
  </datafield>
  <datafield tag="260" ind1=" " ind2=" ">
    <subfield code="a">Yumbo, Colombia : </subfield>
    <subfield code="b">Fedy, </subfield>
    <subfield code="c">[2001?]</subfield>
  </datafield>
  <datafield tag="300" ind1=" " ind2=" ">
    <subfield code="a">185 p&#xE1;ginas : </subfield>
    <subfield code="b">ilustraciones y fotograf&#xED;as a color ; </subfield>
    <subfield code="c">32 cm.</subfield>
  </datafield>
  <datafield tag="505" ind1=" " ind2=" ">
    <subfield code="a">Fedy y sus 25 a&#xF1;os -- Historia de Yumbo -- El municipio -- Territorial de oportunidades -- Gente y cultura -- Yumbo y sus regiones -- Yumbo y su realidad virtual -- yumbo: un motor de la econ&#xF3;mica del Valle -- Yumbo y sus retos -- Testimonios empresarial </subfield>
  </datafield>
  <datafield tag="650" ind1="1" ind2="4">
    <subfield code="a">Yumbo</subfield>
    <subfield code="z">Valle del Cauca ( Colombia)</subfield>
    <subfield code="9">36088</subfield>
  </datafield>
  <datafield tag="650" ind1="2" ind2="4">
    <subfield code="a">Yumbo (Valle del Cauca)</subfield>
    <subfield code="v">Historia </subfield>
    <subfield code="z">Colombia </subfield>
    <subfield code="9">36089</subfield>
  </datafield>
  <datafield tag="700" ind1="1" ind2=" ">
    <subfield code="a">Gil Mar&#xED;n, M&#xF3;nica,  </subfield>
    <subfield code="e">fot&#xF3;grafa </subfield>
    <subfield code="9">36090</subfield>
  </datafield>
  <datafield tag="700" ind1="1" ind2=" ">
    <subfield code="a">Saldarriaga, Jaime, </subfield>
    <subfield code="e">fot&#xF3;grafo</subfield>
    <subfield code="9">36091</subfield>
  </datafield>
  <datafield tag="700" ind1="1" ind2=" ">
    <subfield code="a">Guzm&#xE1;n, Jos&#xE9; Lu&#xED;s, </subfield>
    <subfield code="e">fot&#xF3;grafo </subfield>
    <subfield code="9">36092</subfield>
  </datafield>
  <datafield tag="942" ind1=" " ind2=" ">
    <subfield code="2">ddc</subfield>
    <subfield code="c">BK</subfield>
  </datafield>
  <datafield tag="999" ind1=" " ind2=" ">
    <subfield code="c">15376</subfield>
    <subfield code="d">15376</subfield>
  </datafield>
  <datafield tag="952" ind1=" " ind2=" ">
    <subfield code="0">0</subfield>
    <subfield code="1">0</subfield>
    <subfield code="2">ddc</subfield>
    <subfield code="4">0</subfield>
    <subfield code="7">0</subfield>
    <subfield code="a">CPL</subfield>
    <subfield code="b">CPL</subfield>
    <subfield code="c">GEN</subfield>
    <subfield code="d">0000-00-00</subfield>
    <subfield code="e">Donaci&#xF3;n</subfield>
    <subfield code="l">0</subfield>
    <subfield code="o">338.98 / J371y</subfield>
    <subfield code="p">201810812</subfield>
    <subfield code="r">2024-05-16 00:00:00</subfield>
    <subfield code="t">Ej.1</subfield>
    <subfield code="w">0000-00-00</subfield>
    <subfield code="y">BK</subfield>
  </datafield>
</record>
